| 000 | 01160cam a2200385 a 4500 | ||
|---|---|---|---|
| 001 | 14698704 | ||
| 003 | OSt | ||
| 005 | 20140310182724.0 | ||
| 008 | 070116s2007 maua b 001 0 eng | ||
| 010 | _a 2007920938 | ||
| 020 | _a9789814253444 | ||
| 020 | _a9814253448 | ||
| 020 | _a0618920420 (student text) | ||
| 040 |
_aDLC _cDLC _dDLC |
||
| 050 | 0 | 0 |
_aHV 1568 _b.H37 2009 |
| 082 | 0 | 0 |
_a362 _222 |
| 100 | 1 | _aHardman, Michael L. | |
| 245 | 1 | 0 |
_aHuman exceptionality / _cMichael L. Hardman, Clifford J. Drew, M. Winston Egan. |
| 250 | _a9th ed. | ||
| 260 |
_aBoston, MA : _bHoughton Mifflin Co., _c2009. |
||
| 300 |
_axxix, 626 p. : _bcol. ill. ; _c29 cm. |
||
| 521 | _aPSYCH | ||
| 650 | 0 | _aPeople with disabilities. | |
| 650 | 0 | _aExceptional children. | |
| 650 | 0 |
_aPeople with disabilities _xServices for. |
|
| 650 | 0 | _aLearning disabilities. | |
| 700 | 1 |
_aDrew, Clifford J., _d1943- |
|
| 700 | 1 | _aEgan, M. Winston. | |
| 906 |
_a7 _bcbc _corignew _d2 _eepcn _f20 _gy-gencatlg |
||
| 942 |
_2lcc _cBK _kFOR |
||
| 999 |
_c15376 _d15376 |
||